|
|
|
|
| LEADER |
00000cam a2200000 a 4500 |
| 001 |
vtls001430605 |
| 003 |
SK-MaSNL |
| 005 |
20260301072629.0 |
| 008 |
020307s2001 xr a cn 00100 cze |
| 020 |
|
|
|a 8023868829
|q (brož.)
|
| 035 |
|
|
|a SNK000385633
|
| 040 |
|
|
|a SNK
|b slo
|c SNK
|e AACR2
|
| 041 |
0 |
|
|a cze
|b ger
|
| 080 |
|
|
|a 930.253
|2 1981
|
| 080 |
|
|
|a 929.65
|2 1981
|
| 080 |
|
|
|a (083.81)
|2 1981
|
| 100 |
1 |
|
|a Müller, Karel,
|d 1958-
|4 aut
|9 221936
|
| 245 |
1 |
0 |
|a Erbovní listiny v archivech Slezska a severní Moravy
|c Karel Müller ; kresby Antonín Javora
|
| 250 |
|
|
|a 1. vyd.
|
| 260 |
|
|
|a Opava
|b Zemský archiv
|b Státní okresní archiv
|c 2001
|
| 300 |
|
|
|a 93 s.
|b ilustr., faksimile
|c 24 cm
|
| 366 |
|
|
|e 700 výtl.
|
| 504 |
|
|
|a Obsahuje bibliografické odkazy a register
|
| 546 |
|
|
|a Nemecké resumé
|
| 650 |
0 |
7 |
|a erbové listiny
|2 SNKPH
|9 31793
|
| 650 |
0 |
7 |
|a archívne fondy
|2 SNKPH
|9 1974
|
| 651 |
|
7 |
|a Sliezsko
|2 SNKPHgeo
|9 49303
|
| 651 |
|
7 |
|a Morava severná (Česko)
|2 NKPHgeo
|9 67248
|
| 655 |
|
7 |
|a katalógy
|2 SNKPH
|9 60821
|
| 700 |
1 |
|
|a Javora, Antonín
|4 ill
|9 392411
|
| 999 |
|
|
|c 641618
|d 643548
|
| 952 |
|
|
|t snkMUL 929.6
|a SNKUST
|b SNKUST
|y PREZ
|7 0
|p 17A0240753
|o snkMUL 929.6
|0 0
|1 0
|4 0
|d 2002-03-07
|l 0
|r 2025-05-28 00:00:00
|w 2026-02-23
|